ბათუმის შოთა რუსთაველის სახელმწიფო უნივერსიტეტის ბიბლიოთეკა

Studia in honorem Georgi Mihailov. (ბიბ.ჩანაწერი № 60995)

000 -LEADER
fixed length control field 00454nam a22001697a 4500
005 - DATE AND TIME OF LATEST TRANSACTION
control field 20231205102346.0
008 - FIXED-LENGTH DATA ELEMENTS--GENERAL INFORMATION
fixed length control field 231205s1995 enk||||| |||| 00| 0 eng d
041 ## - LANGUAGE CODE
Language code of text/sound track or separate title eng
080 ## - UNIVERSAL DECIMAL CLASSIFICATION NUMBER
Universal Decimal Classification number 902/904 S-90
100 ## - MAIN ENTRY--PERSONAL NAME
Personal name Mihailov, Georgi
9 (RLIN) 20577
245 ## - TITLE STATEMENT
Title Studia in honorem Georgi Mihailov.
264 ## - PRODUCTION, PUBLICATION, DISTRIBUTION, MANUFACTURE, AND COPYRIGHT NOTICE
Place of production, publication, distribution, manufacture Sofia,
Date of production, publication, distribution, manufacture, or copyright notice 1995.
300 ## - PHYSICAL DESCRIPTION
Extent 524 p.:
Other physical details il.;
Dimensions 24 cm.
653 ## - INDEX TERM--UNCONTROLLED
keyword ისტორია
653 ## - INDEX TERM--UNCONTROLLED
keyword არქეოლოგია
942 ## - ADDED ENTRY ELEMENTS (KOHA)
Source of classification or shelving scheme
Koha item type წიგნი
ეგზემპლარები
Withdrawn status Lost status Source of classification or shelving scheme Damaged status Not for loan Permanent Location Current Location Shelving location Date acquired Cost, normal purchase price Full call number Barcode Date last seen Copy number Uniform Resource Identifier Price effective from Koha item type Public note
          ბათუმის შოთა რუსთაველის სახელმწიფო უნივერსიტეტის მთავარი ბიბლიოთეკა ბათუმის შოთა რუსთაველის სახელმწიფო უნივერსიტეტის მთავარი ბიბლიოთეკა წიგნსაცავი 2023-12-05 8.00 902/904 S-90 65518 2023-12-05 65518 ბსუ-ს საპატიო დოქტორის გურამ ლორთქიფანიძის საჩუქარი 2023-12-05 წიგნი 8 ლ.